| 000 | 00790cam a22002537i 4500 | ||
|---|---|---|---|
| 008 | 140318s2013 gw a b 001 0 eng d | ||
| 020 | _a9783527333769 (hardcover) | ||
| 020 | _a3527333762 (hardcover) | ||
| 020 | _a9783527333516 (softcover) | ||
| 020 | _a3527333517 (softcover) | ||
| 050 | 0 | 0 |
_aTJ808 _b.L33 2013 |
| 082 | 0 | 4 | _a541.361 |
| 100 | 1 | _aLackner, Maximilian, | |
| 245 | 1 | 0 |
_aCombustion : _bfrom basics to applications / _cMaximilian Lackner, Árpád B. Palotá, and Franz Winter. |
| 250 | _a2nd | ||
| 260 |
_aGermany _bWiley VCH _c2013 |
||
| 300 |
_axvi, 269 pages : _billustrations (some color) ; |
||
| 650 | 0 | _aCombustion. | |
| 650 | 0 | _aRenewable energy sources. | |
| 650 | 7 | _aCombustion. | |
| 700 | 1 | _aPalotá, Árpád B., | |
| 700 | 1 | _aWinter, Franz, | |
| 942 | _cBK | ||
| 999 |
_c2398 _d2398 |
||